00881nam a2200205 i 4500001000300000245006000003260004700063300005000110490012200160500003000282650002600312650003000338830012300368040000800491041000800499080001300507080001600520008004100536856009800577bg 0aFizykochemiczne metody oczyszczania wody i ścieków. aWrocław :bWydawn. Polit. Wrocł.,c1978. as. 158, nlb. 1 :brys., tabl. [w tym] nlb. 1.1 aPrace Naukowe Instytutu Inżynierii Ochrony Środowiska Politechniki Wrocławskiej. Seria Studia i Materiały ;v20 aNumeracja ser. gł. : 40. 9aWodaxchemiaxbadanie 9aŚciekixchemiaxbadanie 0aPrace Naukowe Instytutu Inżynierii Ochrony Środowiska Politechniki Wrocławskiej.pSeria Studia i Materiały ;v20 cBPK apol a628.1/.3 a628.1:628.3 s pl f |000 0 pol  uhttp://koha.tu.koszalin.pl/cgi-bin/koha/opac-detail.pl?biblionumber=18352yKatalog online BPK